Państwa z najmniejszą gęstością zaludnieniaia - Statystyki

Ogólne statystyki
  • Ten quiz został rozwiązany 38 razy
  • Średni wynik to 5 z 10
Statystyki odpowiedzi
osób/km² Państwo % Poprawnych
9 3,3 Kanada
94%
1 1,7 Mongolia
94%
4 2,6 Australia
88%
8 3,1 Libia
48%
5 2,7 Islandia
45%
3 2,6 Botswana
39%
7 2,8 Mauretania
36%
2 2,3 Namibia
36%
10 3,3 Gujana
21%
6 2,7 Surinam
21%
Nie znaleziono quizów pasujących do podanych kryteriów
Rozkład punktacji
Procent ludzi z każdym wynikiem
Percentyl według liczby udzielonych odpowiedzi
Twoja historia wyników
Nie rozwiązałeś tego quizu